000
00310nam a22001337a 4500
999
_c
158193
_d
158193
082
_a
_b
100
_a
Bhusha B
100
_a
Daryl Siedentop
245
_a
Dictionary of sociology/
_c
by Bhusha B and Daryl Siedentop.
260
_a
New Delhi:
_b
Anmol
_c
1991.
300
_a
328p.
650
_a
942
_c
BK